General knowledge för Petra #12 - Statistics

General Stats
  • This quiz has been taken 6 times
  • The average score is 11 of 20
Answer Stats
Hint Answer % Correct
Vilket bilmärke har fyra stycken ringar? Audi
100%
Vilken svensk artist har släppt låtar som "Första klass", "Rör mig" och "Katten i trakten"? Einar
100%
Vilken smak är Pan pizzan i den bruna förpackningen av Billys? Kebab
100%
I kristendom kallas det "Präst", inom Islam heter det "Imam". Vad heter det inom Judendomen? Rabbi
100%
I vilket land är Andrew Tate bosatt i? (Och misstänkt för grova brott) Rumänien
100%
Vem har med 3 segrar vunnit "Melodifestivalen" flest gånger? Carola
50%
Vad heter det utstötta spöket i Pac-man på engelska? Clyde
50%
Vad hette bandet där bland annat Danny Saucedo var med i mellan 2007-2010? E.M.D
50%
Vem vann en Oscar för sin roll som "Winston Churchill" i "Darkest Hour"? Gary Oldman
50%
"I min bädd, lever livet som en utsedd, civilklädd" ....... fortsätt låttexten från Alexander Nyman Jag är livrädd
50%
Vilket är Sverige tyngsta fågel? Knölsvan
50%
Vad hette programmet på TV4 där körer ledda av kändisar tävlade mot varandra? Körslaget
50%
Vart jobbar min mamma? Livsmedelsverket
50%
I vilken stad utspelar sig "The Intouchables"? Paris
50%
Vart kommer rapparen "Bad Bunny" från? Puerto Rico
50%
Vad heter märket av nudlar vi brukar köpa på Willys? Samyang
50%
Vad heter huvudstaden i Bosnien och Herzegovina? Sarajevo
50%
Vem spelar huvudpersonen i "American History X"? Edward Norton
0%
I vilken land fick Jon Jones 908 personer att ta livet av sig genom att dricka "Kool-aid" med cyanid? Guyana
0%
Vilket band har släppt låtarna "Drive By" och "Hey, Soul Sister"? Train
0%
No matching quizzes found
Score Distribution
Percent of People with Each Score
Percentile by Number Answered
Your Score History
You have not taken this quiz